Electronic devices and circuit theory / (Record no. 19035)
[ view plain ]
| 000 -LEADER | |
|---|---|
| fixed length control field | 00885cam a22002775a 4500 |
| 001 - CONTROL NUMBER | |
| control field | 016485550 |
| 003 - CONTROL NUMBER IDENTIFIER | |
| control field | Uk |
| 005 - DATE AND TIME OF LATEST TRANSACTION | |
| control field | 20161102104610.0 |
| 008 - FIXED-LENGTH DATA ELEMENTS--GENERAL INFORMATION | |
| fixed length control field | 130625s2014 enk 000 0 eng d |
| 020 ## - INTERNATIONAL STANDARD BOOK NUMBER | |
| International Standard Book Number | 9781292025636 (pbk.) |
| 020 ## - INTERNATIONAL STANDARD BOOK NUMBER | |
| International Standard Book Number | 1292025638 (pbk.) |
| 040 ## - CATALOGING SOURCE | |
| Original cataloging agency | UK-WkNB |
| Language of cataloging | eng |
| Transcribing agency | UK-WkNB |
| Modifying agency | EG-ScBUE |
| 082 04 - DEWEY DECIMAL CLASSIFICATION NUMBER | |
| Classification number | 621.3815 |
| Edition number | 22 |
| Item number | BOY |
| 100 1# - MAIN ENTRY--PERSONAL NAME | |
| Personal name | Boylestad, Robert L. |
| 245 10 - TITLE STATEMENT | |
| Title | Electronic devices and circuit theory / |
| Statement of responsibility, etc | Robert L. Boylestad, Louis Nashelsky. |
| 250 ## - EDITION STATEMENT | |
| Edition statement | 11th ed., Pearson new international ed. |
| 260 ## - PUBLICATION, DISTRIBUTION, ETC. (IMPRINT) | |
| Place of publication, distribution, etc | Harlow : |
| Name of publisher, distributor, etc | Pearson Education Limited, |
| Date of publication, distribution, etc | c.2014 |
| 300 ## - PHYSICAL DESCRIPTION | |
| Extent | ii, 924 p. : |
| Other physical details | ill. ; |
| Dimensions | 28 cm |
| 590 ## - LOCAL NOTE (RLIN) | |
| Local note | Sameh |
| 650 #7 - SUBJECT ADDED ENTRY--TOPICAL TERM | |
| Topical term or geographic name as entry element | Electronic circuits. |
| Source of heading or term | BUEsh |
| 9 (RLIN) | 6945 |
| 650 #7 - SUBJECT ADDED ENTRY--TOPICAL TERM | |
| Topical term or geographic name as entry element | Electronic apparatus and appliances. |
| Source of heading or term | BUEsh |
| 9 (RLIN) | 11507 |
| 651 ## - SUBJECT ADDED ENTRY--GEOGRAPHIC NAME | |
| Source of heading or term | BUEsh |
| 653 ## - INDEX TERM--UNCONTROLLED | |
| Resource For college | Engineering, Electrical |
| Arrived date list | March2015 |
| -- | November2016 |
| 700 1# - ADDED ENTRY--PERSONAL NAME | |
| Personal name | Nashelsky, Louis. |
| 942 ## - ADDED ENTRY ELEMENTS (KOHA) | |
| Source of classification or shelving scheme | Dewey Decimal Classification |
| Withdrawn status | Item status | Source of classification or shelving scheme | Damaged status | Not for loan | Vendor | Home library | Current library | Shelving location | Date acquired | Source of acquisition | Cost, normal purchase price | Total Checkouts | Full call number | Barcode | Date last seen | Cost, replacement price | Koha item type | Total Renewals | Date last borrowed | Serial Enumeration / chronology |
|---|---|---|---|---|---|---|---|---|---|---|---|---|---|---|---|---|---|---|---|---|
| Dewey Decimal Classification | Baccah | Central Library | Central Library | First floor | 14/03/2015 | 270.00 | 621.3815 BOY | 000037556 | 15/07/2025 | 337.50 | NB - Book (Non borrowing) | |||||||||
| Dewey Decimal Classification | Baccah | Central Library | Central Library | First floor | 19/03/2015 | 270.00 | 1 | 621.3815 BOY | 000037609 | 15/07/2025 | 337.50 | Book - Borrowing | 24 | 11/10/2017 | ||||||
| Dewey Decimal Classification | Baccah | Central Library | Central Library | First floor | 19/03/2015 | 270.00 | 4 | 621.3815 BOY | 000037608 | 15/07/2025 | 337.50 | Book - Borrowing | 29 | 06/03/2019 | ||||||
| Dewey Decimal Classification | Baccah | Central Library | Central Library | First floor | 19/03/2015 | 270.00 | 4 | 621.3815 BOY | 000037607 | 15/07/2025 | 337.50 | Book - Borrowing | 86 | 30/09/2017 | ||||||
| Dewey Decimal Classification | Baccah | Central Library | Central Library | First floor | 19/03/2015 | 270.00 | 2 | 621.3815 BOY | 000037606 | 15/07/2025 | 337.50 | Book - Borrowing | 4 | 06/03/2019 | ||||||
| Dewey Decimal Classification | Baccah | Central Library | Central Library | First floor | 19/03/2015 | 270.00 | 1 | 621.3815 BOY | 000037605 | 15/07/2025 | 337.50 | Book - Borrowing | 99 | 06/11/2016 | ||||||
| Dewey Decimal Classification | Baccah | Central Library | Central Library | First floor | 19/03/2015 | 270.00 | 621.3815 BOY | 000037604 | 15/07/2025 | 337.50 | Book - Borrowing | |||||||||
| Dewey Decimal Classification | Baccah | Central Library | Central Library | First floor | 19/03/2015 | 270.00 | 621.3815 BOY | 000037603 | 15/07/2025 | 337.50 | Book - Borrowing | |||||||||
| Dewey Decimal Classification | Baccah | Central Library | Central Library | First floor | 19/03/2015 | 270.00 | 3 | 621.3815 BOY | 000037602 | 15/07/2025 | 337.50 | Book - Borrowing | 4 | 04/12/2017 | ||||||
| Dewey Decimal Classification | Baccah | Central Library | Central Library | First floor | 19/03/2015 | 270.00 | 2 | 621.3815 BOY | 000037601 | 15/07/2025 | 337.50 | Book - Borrowing | 3 | 16/02/2019 | ||||||
| Dewey Decimal Classification | Baccah | Central Library | Central Library | First floor | 02/11/2016 | Purchase | 459.00 | 1 | 621.3815 BOY | 000034252 | 15/07/2025 | 574.00 | Book - Borrowing | 19 | 21/01/2018 | 3653 |